In My lifetime.

Directed by a former ABC network news executive producer, In My Lifetime provides a comprehensive look at the full scope and impact of the nuclear age from its beginnings to the present day, including the international efforts by citizens, scientists and political leaders to reduce or eliminate the...

Full description

Bibliographic Details
Corporate Authors: Video Project (Firm),$4dst, Kanopy (Firm),$4dst
Format: Video
Language:English
Language Notes:In English
Published: [San Francisco, California, USA] : The Video Project, 2011.
Kanopy Streaming, 2016.
Subjects:
Online Access:Connect to this streaming video

MARC

Tag First Indicator Second Indicator Subfields
LEADER 00000cgm a22000004a 4500
001 in00003751925
006 m o c
007 cr una---unuuu
007 vz uzazuu
008 160825p20162011cau109 o vleng d
005 20260324163926.4
028 5 2 |a 1169606  |b Kanopy 
035 |a (OCoLC)956907060 
035 |a (CaSfKAN)kan1169606 
040 |a VDU  |b eng  |c VDU  |d UtOrBLW 
245 0 0 |a In My lifetime. 
264 1 |b The Video Project,  |c 2011. 
264 1 |a [San Francisco, California, USA] :  |b Kanopy Streaming,  |c 2016. 
300 |a 1 online resource (streaming video file) (110 minutes):  |b digital, .flv file, sound 
306 |a 014910 
336 |a two-dimensional moving image  |b tdi  |2 rdacontent 
337 |a computer  |b c  |2 rdamedia 
338 |a online resource  |b cr  |2 carrier 
500 |a Title from title frames. 
500 |a Film 
518 |a Originally produced by The Video Project in 2011. 
520 |a Directed by a former ABC network news executive producer, In My Lifetime provides a comprehensive look at the full scope and impact of the nuclear age from its beginnings to the present day, including the international efforts by citizens, scientists and political leaders to reduce or eliminate the nuclear threat.. Through archival footage and contemporary interviews, In My Lifetime portrays the history of the nuclear era and the complex search for "a way beyond". Filmed in Europe, Japan and the U.S., the movie features international voices from many perspectives and different parts of the history.. Manhattan Project scientists, former military personnel, and survivors of the first atomic bombs remind us how the nuclear age began -- and what we seek to avoid from happening ever again. Central participants and historians recount the major developments that followed: the U.S. – Soviet Cold War, above-ground nuclear testing, the Cuban missile crisis, the historic summits between Reagan and Gorbachev, the spread of nuclear weapons, and nonproliferation efforts.. Through this history, the film attempts to uncover the forces that brought us to the present number of nuclear-armed countries, and the obstacles – both political and human – that have blocked the world from reaching the solution all ultimately desire. An inside view of the debates at a recent UN Non-Proliferation Treaty Review Conference is especially revealing, clearly showing how difficult it is for the world to move beyond the nuclear status quo.. In My Lifetime challenges viewers to learn from this history and find a way to accomplish what might seem like the impossible, because it is an absolute necessity..  
538 |a Mode of access: World Wide Web. 
546 |a In English 
500 |a Electronic resource. 
650 0 |a History, Military. 
650 0 |a History, Modern.  |0 http://id.loc.gov/authorities/subjects/sh85061236 
653 |a Documentaries 
655 7 |a Internet videos.  |2 lcgft  |0 http://id.loc.gov/authorities/genreForms/gf2011026337 
655 7 |a Documentary films.  |2 lcgft  |0 http://id.loc.gov/authorities/genreForms/gf2011026205 
710 2 |a Video Project (Firm),$4dst. 
710 2 |a Kanopy (Firm),$4dst. 
856 4 0 |u http://proxy.library.tamu.edu/login?url=https://texasam.kanopystreaming.com/node/169607  |z Connect to this streaming video  |t 0 
999 f f |s a2922801-d24d-31a3-8d0f-e1a4d5d040ef  |i 20a9c36b-03e6-3709-8916-e5bc9cc7f944  |t 0 
952 f f |a Texas A&M University  |b College Station  |c Electronic Resources  |s www_evans  |d Available Online  |t 0  |h No information provided 
998 f f |t 0  |l Available Online